Либеральные меры и сильная власть (к вопросу об охранительном либерализме Б. Н. Чичерина); Труды XIV научной конференции, посвященной 300-летию инженерного образования в России, Юрга, 26-27 апреля 2001 г

Bibliographic Details
Parent link:Труды XIV научной конференции, посвященной 300-летию инженерного образования в России, Юрга, 26-27 апреля 2001 г.— 2001.— С. 175-177.
Main Author: Яловская Г. В.
Other Authors: Павлова Н. В.
Language:Russian
Published: 2001
Subjects:
Format: Book Chapter
KOHA link:https://koha.lib.tpu.ru/cgi-bin/koha/opac-detail.pl?biblionumber=79331

MARC

LEADER 00000naa2a2200000 4500
001 79331
005 20231031094240.0
035 |a (RuTPU)RU\TPU\book\85281 
090 |a 79331 
100 |a 20050812d2001 k y0rusy50 ca 
101 0 |a rus 
102 |a RU 
200 1 |a Либеральные меры и сильная власть (к вопросу об охранительном либерализме Б. Н. Чичерина)  |f Г. В. Яловская, Н. В. Павлова 
320 |a Библиогр.: 6 назв. 
463 0 |0 (RuTPU)RU\TPU\book\31481  |t Труды XIV научной конференции, посвященной 300-летию инженерного образования в России, Юрга, 26-27 апреля 2001 г  |f ТПУ, Юргинский фил  |v С. 175-177.  |d 2001  |p 207 с. 
600 1 |a Чичерин  |g Борис Николаевич  |b Б. Н.  |c российский юрист  |c историк  |f 1828-1904  |c философ  |2 stltpui  |3 (RuTPU)RU\TPU\pers\237 
610 1 |a власть 
610 1 |a либерализм 
610 1 |a общество 
610 1 |a труды учёных ТПУ 
700 1 |a Яловская  |b Г. В. 
701 1 |a Павлова  |b Н. В. 
801 1 |a RU  |b 63413507  |c 20050812  |g PSBO 
801 2 |a RU  |b 63413507  |c 20090605  |g PSBO 
942 |c BK